| 000 | 00595nam a2200205Ia 4500 | ||
|---|---|---|---|
| 003 | GCL | ||
| 008 | 140319s9999 xx 000 0 ara d | ||
| 040 |
_aGCL / _cGCL |
||
| 082 | 0 | 4 |
_a811.09 _bم ا |
| 100 | 1 | _aمحمد قنديل البقلى | |
| 245 | 1 | 0 |
_aادب الدراويش / _cمحمد قنديل البقلى |
| 260 |
_a[S.N] : _bمكتبة الانجلوالمصرية ، _c1970 |
||
| 300 | _a211 ص | ||
| 490 | _a | ||
| 650 | 0 | 4 | _aالشعر العربى |
| 650 | 0 | 4 | _aالادب العربى |
| 650 | 0 | 4 | _aالادب الشعبى |
| 650 | 0 | 4 | _aالزجل |
| 942 |
_2ddc _cBK |
||
| 999 |
_c31858 _d31858 |
||